Control Systems (Record no. 12433)

000 -LEADER
fixed length control field 00357nam a22001457a 4500
020 ## - INTERNATIONAL STANDARD BOOK NUMBER
International Standard Book Number 9788131518120
082 ## - DEWEY DECIMAL CLASSIFICATION NUMBER
Classification number 629.8 MAN
100 ## - MAIN ENTRY--PERSONAL NAME
Personal name Manik, Dhanesh N.
245 ## - TITLE STATEMENT
Title Control Systems
260 ## - PUBLICATION, DISTRIBUTION, ETC.
Place of publication, distribution, etc. New Delhi, India
Name of publisher, distributor, etc. Cengage Learning
Date of publication, distribution, etc. 2012
300 ## - PHYSICAL DESCRIPTION
Extent xviii, 604 p.
Other physical details ill. ;
500 ## - GENERAL NOTE
General note Includes index.
650 ## - SUBJECT ADDED ENTRY--TOPICAL TERM
Topical term or geographic name entry element Automatic control
942 ## - ADDED ENTRY ELEMENTS (KOHA)
Koha item type Book
Holdings
Withdrawn status Lost status Damaged status Not for loan Collection code Permanent Location Current Location Shelving location Date acquired Source of acquisition Cost, normal purchase price Total Checkouts Total Renewals Full call number Barcode Date last seen Date last checked out Price effective from Koha item type
          Central Library (CL) Central Library (CL) General Stacks 12/27/2013 Saeed Book Bank 784.80 2 2 629.8 MAN SEECS012821 09/30/2022 07/03/2022 12/31/2013 Book
© 2023 Central Library, National University of Sciences and Technology. All Rights Reserved.